[Event "45th Olympiad Budapest 2024"]
[Site "Budapest"]
[Date "2024.09.20"]
[Round "9.3"]
[White "Heron, Andrew"]
[Black "Amba, Oyon Marius Claude"]
[Result "1-0"]
[WhiteElo "2026"]
[BlackElo "1975"]
[PlyCount "93"]
[EventDate "2024.09.11"]
[EventType "team"]
[EventRounds "11"]
[EventCountry "HUN"]
[WhiteTeam "Liechtenstein"]
[BlackTeam "Cameroon"]
[WhiteTeamCountry "LIE"]
[BlackTeamCountry "CAM"]

1. e4 c5 2. Nf3 e6 3. b3 d5 4. exd5 exd5 5. Bb5+ Nc6 6. Qe2+ Be7 7. Bb2 Nf6 8. Ne5 ({RR} 8. Bxf6 gxf6 9. O-O Rg8 10. Re1 Bh3 11. g3 Bg4 12. Bxc6+ bxc6 13. Nc3 Kf8 14. Qe3 d4 15. Qh6+ Rg7 16. Nh4 dxc3 17. dxc3 f5 18. f3 Bxh4 19. fxg4 Bg5 20. Qxc6 Rc8 21. Qg2 f4 22. gxf4 Bxf4 {Rakshitta,R (2322)-Maltsevskaya,A (2404) chess.com INT 2024 0-1 (59)}) 8... Qd6 9. O-O O-O $146 ({RR} 9... Be6 10. d4 O-O 11. dxc5 Qc7 12. Bxc6 bxc6 13. Bd4 Rab8 14. Nd2 Rfe8 15. Rfe1 Bf5 16. c3 Bf8 17. Qa6 Re6 18. b4 Rbe8 19. Ndf3 Ne4 20. g3 h5 21. Kg2 Rh6 22. Nd3 Bc8 23. Qa4 Qd7 24. Ng1 {Beulertz,S (1922)-Nattermueller,M (1931) Ruhrgebiet 2016 ½-½ (41)}) 10. Bxc6 bxc6 11. Re1 Re8 12. d3 Bf8 13. f4 d4 14. Nd2 Bf5 15. Ndc4 Qc7 16. Qf2 Rac8 17. a4 Nd5 18. g3 f6 19. Nf3 Bg4 20. Nfd2 h6 21. Ne4 f5 22. Ned2 Nb4 23. Rac1 g5 24. Ne5 Bh5 25. Ndc4 Bg7 26. Ba3 Rcd8 27. h3 Bf6 28. Kh2 Rd5 29. Rg1 Na2 30. Rce1 Nc3 31. Bb2 Na2 32. Bc1 Nxc1 33. Rxc1 Kh8 34. Rce1 Rdd8 35. Kh1 Rc8 36. Kh2 Kg7 37. Kh1 Re7 38. Kh2 Rce8 39. Kh1 Re6 40. Kh2 Kh7 41. g4 fxg4 42. hxg4 Bf7 43. Nxf7 Rxe1 44. Rxe1 Qxf7 45. Nd6 Qf8 46. Nxe8 Be7 47. Qf3 1-0

[Event "45th Olympiad Budapest 2024"]
[Site "Budapest"]
[Date "2024.09.20"]
[Round "9.4"]
[White "Makem, Pierre"]
[Black "Frick, Renato"]
[Result "1-0"]
[WhiteElo "1860"]
[BlackElo "1925"]
[PlyCount "39"]
[EventDate "2024.09.11"]
[EventType "team"]
[EventRounds "11"]
[EventCountry "HUN"]
[WhiteTeam "Cameroon"]
[BlackTeam "Liechtenstein"]
[WhiteTeamCountry "CAM"]
[BlackTeamCountry "LIE"]

1. d4 Nf6 2. Bf4 d5 3. e3 c5 4. Nf3 Bg4 5. Nbd2 Nc6 6. c3 e6 7. Qa4 Nd7 8. Ne5 ({RR} 8. Bb5 Qb6 9. Ne5 Ndxe5 10. dxc5 Bxc5 11. Bxe5 Bh5 12. g4 Bg6 13. Bxg7 Rg8 14. Bd4 Bxd4 15. cxd4 Rc8 16. Rc1 Kf8 17. Bxc6 Qxb2 18. Ke2 bxc6 19. Qb3 Rb8 20. Qxb2 Rxb2 21. Rxc6 Rxa2 22. Rcc1 Kg7 {Dubov,D (2708)-Martirosyan,H (2678) chess.com INT 2024 ½-½ (32)}) 8... Ncxe5 9. Bxe5 f6 $146 ({RR} 9... a6 10. dxc5 Bf5 11. Nb3 Qc8 12. c4 Qc6 13. Qxc6 bxc6 14. Bd6 a5 15. cxd5 exd5 16. Rc1 Nf6 17. Nd4 Bd7 18. Bxf8 Rxf8 19. Bd3 Ke7 20. Kd2 Rfb8 21. Kc3 a4 22. b3 axb3 23. axb3 Ng4 24. Rcf1 {Mitrabha,G (2526)-Mammadzada,G (2449) chess.com INT 2024 1-0 (44)}) ({RR} 9... cxd4 10. exd4 a6 11. Bg3 Be7 12. Bd3 Bh5 13. Qb3 Qb6 14. Qc2 Bg6 15. O-O Bxd3 16. Qxd3 O-O 17. b3 Nf6 18. c4 dxc4 19. bxc4 Qc6 20. Rfe1 Rfe8 21. Rab1 b5 22. cxb5 axb5 23. Rec1 Qd7 24. Rc7 {Atanasov,A (2420)-Rustemov,A (2525) chess.com INT 2024 1-0 (66)}) ({RR} 9... Bf5 10. dxc5 f6 11. Bg3 Kf7 12. e4 Nxc5 13. Qd4 dxe4 14. Qe3 Nd3+ 15. Bxd3 Qxd3 16. O-O-O Qxe3 17. fxe3 Rd8 18. Nc4 Rd3 19. Rxd3 exd3 20. Bd6 b5 21. Bxf8 bxc4 22. Bc5 Rc8 23. Bb4 Be4 24. Rg1 {Korchmar,V (2451)-Holt,C (2549) Chess.com INT 2020 0-1 (34)}) 10. dxc5 fxe5 11. Qxg4 Qf6 12. b4 a5 13. Bb5 e4 14. O-O O-O-O 15. Bxd7+ Rxd7 16. Rac1 g5 17. f3 h5 18. Qg3 Qg6 19. fxe4 dxe4 20. Nc4 1-0

[Event "45th Olympiad Budapest 2024"]
[Site "Budapest"]
[Date "2024.09.20"]
[Round "9.1"]
[White "Aziz, Husain"]
[Black "Oatlhotse, Providence"]
[Result "1/2-1/2"]
[WhiteElo "2340"]
[BlackElo "2239"]
[PlyCount "101"]
[EventDate "2024.09.11"]
[EventType "team"]
[EventRounds "11"]
[EventCountry "HUN"]
[WhiteTeam "Qatar"]
[BlackTeam "Botswana"]
[WhiteTeamCountry "QAT"]
[BlackTeamCountry "BOT"]

1. e4 c6 2. d4 d5 3. exd5 cxd5 4. Bd3 Nc6 5. c3 Nf6 6. Bf4 Bg4 7. Qb3 Qd7 8. Nd2 e6 9. Ngf3 Bd6 10. Bxd6 Qxd6 11. O-O O-O 12. Rfe1 Bxf3 13. Nxf3 Rab8 14. a4 Rfc8 15. Qd1 a6 16. Qe2 Qc7 17. g3 Qd8 $146 ({RR} 17... Nd7 18. Ng5 Nf6 19. Kg2 Na5 20. Qc2 h6 21. Nf3 b5 22. Ne5 Nc4 23. Kg1 Nxe5 24. Rxe5 Qb6 25. Ree1 b4 26. a5 Qa7 27. Rec1 bxc3 28. bxc3 Rc6 29. Rab1 Rbc8 30. Qb2 g6 31. Qa1 h5 32. Rc2 {Kostenko,P (2450)-Turov,M (2579) Bhubaneswar 2019 ½-½ (78)}) ({RR} 17... Na5 18. Ne5 Nc4 19. Nxc4 dxc4 20. Bc2 b5 21. a5 g6 22. h4 b4 23. Qf3 Nd5 24. h5 bxc3 25. bxc3 Kg7 26. Kg2 g5 27. h6+ Kh8 28. Be4 Qd7 29. Bxd5 Qxd5 30. Qxd5 exd5 31. Re7 Rc6 32. Rxf7 {Barak,G (2153)-Arias,J (2339) chess.com INT 2024 0-1 (69)}) ({RR} 17... Na5 18. h4 Nc4 19. Ne5 Nxe5 20. dxe5 Nd7 21. h5 h6 22. a5 Qc5 23. Ra3 Qe7 24. Bb1 Qg5 25. Ra4 Rc4 26. Rxc4 dxc4 27. Kg2 Qd8 28. Qe4 Nf8 29. Qxc4 Qxa5 30. Qe4 Qd8 31. f4 Qb6 32. Re2 {Fauth,D (2105)-Hovenga,A (2204) Bregenz AUT 2023 0-1 (70)}) ({RR} 17... g6 18. h4 Kg7 19. Ne5 h5 20. a5 Nxe5 21. dxe5 Nd7 22. Ra3 Ra8 23. Qe3 Nb8 24. Qf4 Qe7 25. c4 dxc4 26. Rc1 Nd7 27. Rxc4 Rxc4 28. Bxc4 Qc5 29. Bf1 Nxe5 30. b4 Qd5 31. Re3 Nc6 32. Rd3 {Pfreundt,J (2394)-Licznerski,L (2442) Germany GER 2022 ½-½ (59)}) 18. Kg2 Rc7 19. h4 Re7 20. Qe3 Qc7 21. Re2 Rbe8 22. Ne5 Nxe5 23. dxe5 Nd7 24. Qd4 Rc8 25. h5 h6 26. f4 Qc5 27. Qxc5 Nxc5 28. Bc2 a5 29. Kf3 b6 30. Rd2 Rb7 31. Rd4 b5 32. axb5 Rxb5 33. Ra2 Kf8 34. Rd2 Rcb8 35. Bd1 a4 36. Bxa4 Ra5 37. b3 Rba8 38. Rd4 Nxb3 39. Bxb3 Rxa2 40. Bxa2 Rxa2 41. Rb4 Ra3 42. Rb8+ Ke7 43. Rb7+ Ke8 44. Rb8+ Kd7 45. Rb7+ Ke8 46. Rb8+ Ke7 47. Rb7+ Kf8 48. Rb8+ Ke7 49. Rb7+ Ke8 50. Rb8+ Ke7 51. Rb7+ 1/2-1/2

[Event "45th Olympiad Budapest 2024"]
[Site "Budapest"]
[Date "2024.09.20"]
[Round "9.2"]
[White "Notha, Moakofi"]
[Black "Erfan, Mohamad Firdaus"]
[Result "1-0"]
[WhiteElo "1996"]
[BlackElo "1758"]
[PlyCount "105"]
[EventDate "2024.09.11"]
[EventType "team"]
[EventRounds "11"]
[EventCountry "HUN"]
[WhiteTeam "Botswana"]
[BlackTeam "Qatar"]
[WhiteTeamCountry "BOT"]
[BlackTeamCountry "QAT"]

1. e4 e5 2. Nf3 Nc6 3. Bb5 a6 4. Ba4 Nf6 5. d4 exd4 6. e5 Ne4 7. O-O Nc5 8. Bg5 Be7 9. Bxe7 Qxe7 10. Bxc6 dxc6 11. Qxd4 O-O 12. Nc3 Bf5 13. Rac1 Rad8 14. Qf4 Bg6 15. Rfe1 $146 ({RR} 15. Nh4 Ne6 16. Nxg6 hxg6 17. Qe3 Qb4 18. Nd1 Rd5 19. c4 Rd2 20. a3 Qc5 21. Qxd2 Qxe5 22. Re1 {1-0 (22) Notha,M (2079)-Du Toit,S (1809) Port Elizabeth 2013}) 15... Rd7 16. Nh4 Rfd8 17. Nxg6 hxg6 18. Qe3 Rd4 19. Rcd1 Qd7 20. Rxd4 Qxd4 21. Qxd4 Rxd4 22. Rd1 Ne6 23. Kf1 b5 24. Rd3 c5 25. Rxd4 cxd4 26. Nd5 c5 27. f4 c4 28. g4 a5 29. f5 gxf5 30. gxf5 Nc5 31. Ne7+ Kf8 32. Nc6 d3 33. Ke1 dxc2 34. Kd2 Nd3 35. Kxc2 Nb4+ 36. Nxb4 axb4 37. a3 b3+ 38. Kc3 Ke7 39. a4 bxa4 40. Kxc4 a3 41. Kxb3 axb2 42. Kxb2 g6 43. fxg6 fxg6 44. Kc3 g5 45. h3 Ke6 46. Kd4 Ke7 47. Ke3 Kf7 48. Kf3 Kg7 49. Ke4 Kg6 50. Kd5 Kf7 51. Kd6 Ke8 52. Ke6 Kd8 53. Kf7 1-0

[Event "45th Olympiad Budapest 2024"]
[Site "Budapest"]
[Date "2024.09.20"]
[Round "9.3"]
[White "Al Qassabi, Mohammed"]
[Black "Monnaatsheko, Keletshabile"]
[Result "0-1"]
[WhiteElo "1536"]
[BlackElo "2064"]
[PlyCount "58"]
[EventDate "2024.09.11"]
[EventType "team"]
[EventRounds "11"]
[EventCountry "HUN"]
[WhiteTeam "Qatar"]
[BlackTeam "Botswana"]
[WhiteTeamCountry "QAT"]
[BlackTeamCountry "BOT"]

1. e4 e6 2. d4 d5 3. exd5 exd5 4. Bd3 Nc6 5. c3 Bd6 6. h3 Nge7 7. Nf3 Bf5 8. O-O Qd7 9. Re1 f6 ({RR} 9... O-O 10. Bxf5 Nxf5 11. Nbd2 Rfe8 12. Nf1 Rxe1 13. Qxe1 Re8 14. Qd1 Nce7 15. Qd3 Ng6 16. Bd2 c6 17. Re1 Rxe1 18. Nxe1 f6 19. Nf3 Kf7 20. Qe2 Bf8 21. g3 Nd6 22. h4 Ne7 23. Ne1 Ne4 24. Nd3 {Lugovskoy,M (2423)-Martirosyan,H (2633) Chess.com INT 2022 ½-½ (46)}) 10. Qc2 O-O-O 11. Bxf5 $146 ({RR} 11. Nbd2 h5 12. h4 Bf4 13. Nf1 Bxc1 14. Raxc1 Rdg8 15. Ng3 Bxd3 16. Qxd3 g5 17. Qe3 gxh4 18. Nxh4 Rg4 19. Nf3 h4 20. Nh1 Re4 21. Qd2 Ng6 22. Rxe4 dxe4 23. Nh2 Rh5 24. Qe2 Rg5 25. Qxe4 Nce7 {Rodriguez Sierra,A-Garcia Alvarez,J (1885) Oviedo 2007 ½-½ (31)}) ({RR} 11. b4 Bxd3 12. Qxd3 g5 13. Nh2 h5 14. a4 Nf5 15. a5 g4 16. b5 Nce7 17. b6 a6 18. bxc7 Bxc7 19. Ba3 Ng6 20. Nd2 Nf4 21. Qf1 gxh3 22. g3 Rhg8 23. Rab1 Qc6 24. Bc5 Rd7 25. Rb2 Rdg7 {Imarbekov,B (1678)-Bykov,O (2376) Moscow RUS 2024 0-1 (34)}) ({RR} 11. b4 Bxd3 12. Qxd3 Ng6 13. b5 Nce7 14. Qe3 Qxb5 15. a4 Qd7 16. Na3 Nf5 17. Qd3 c6 18. a5 Rde8 19. Be3 Kb8 20. a6 b6 21. c4 Bxa3 22. Rxa3 dxc4 23. Qxc4 Qe6 24. Qc3 Qd6 25. Rc1 Nge7 {Vine,E (2138)-Pandey,S (2026) Chess.com INT 2021 0-1 (49)}) 11... Nxf5 12. Be3 g5 13. b4 h5 14. Nh2 g4 15. Qd2 gxh3 16. g3 Rde8 17. Na3 h4 18. g4 Nxe3 19. Rxe3 Ne7 20. Rxh3 Ng6 21. Re3 Reg8 22. Qe2 Nf4 23. Qf3 f5 24. g5 Rxg5+ 25. Kh1 Rhg8 26. Rd1 Qa4 27. c4 Nh3 28. Ree1 Qxd1 29. Qxd1 Nxf2# 0-1

[Event "45th Olympiad Budapest 2024"]
[Site "Budapest"]
[Date "2024.09.20"]
[Round "9.4"]
[White "Bayani, Kuda"]
[Black "Al-Kuwari, Hamad"]
[Result "1/2-1/2"]
[WhiteElo "1931"]
[BlackElo "1574"]
[PlyCount "83"]
[EventDate "2024.09.11"]
[EventType "team"]
[EventRounds "11"]
[EventCountry "HUN"]
[WhiteTeam "Botswana"]
[BlackTeam "Qatar"]
[WhiteTeamCountry "BOT"]
[BlackTeamCountry "QAT"]

1. d4 d5 2. Bf4 Nf6 3. e3 c5 4. c3 Nc6 5. Nd2 e6 6. Ngf3 h6 7. Ne5 Bd6 8. Bg3 Qc7 9. f4 O-O 10. Bd3 Nd7 11. O-O $146 ({RR} 11. Ndf3 Ne7 12. Bh4 f6 13. Ng6 Nxg6 14. Bxg6 cxd4 15. cxd4 Qa5+ 16. Nd2 f5 17. O-O Nf6 18. Bxf6 Rxf6 19. Be8 Rf8 20. Ba4 b5 21. Bc2 Bd7 22. Bd3 b4 23. Qe2 a6 24. Nb3 Qb6 25. Rfc1 Bb5 {Sedlak,N (2512)-Stojanovic,D (2459) Subotica 2005 1-0 (71)}) 11... f5 12. Bh4 Ndxe5 13. fxe5 Be7 14. Bg3 Bd7 15. Qe2 Qb6 16. Rab1 Qd8 17. Nf3 Be8 18. dxc5 Bxc5 19. Nd4 Nxd4 20. cxd4 Be7 21. Rbc1 Bc6 22. Bf2 Bg5 23. g3 Rc8 24. Rc3 Qb6 25. Rb3 Qd8 26. Rc1 Qd7 27. Rbc3 b6 28. h4 Be7 29. Ba6 Bb7 30. Bb5 Qd8 31. Bc6 Bxc6 32. Rxc6 Qd7 33. Qc2 Rxc6 34. Qxc6 Rd8 35. Be1 Kf7 36. Qxd7 Rxd7 37. Rc8 Bd8 38. Bb4 Be7 39. Bxe7 Kxe7 40. Rg8 Kf7 41. Rc8 Ke7 42. Rg8 1/2-1/2

[Event "45th Olympiad Budapest 2024"]
[Site "Budapest"]
[Date "2024.09.20"]
[Round "9.1"]
[White "Tchouka, Yakini"]
[Black "Mafaaz, Khalid"]
[Result "0-1"]
[WhiteElo "1932"]
[BlackElo "2069"]
[PlyCount "68"]
[EventDate "2024.09.11"]
[EventType "team"]
[EventRounds "11"]
[EventCountry "HUN"]
[WhiteTeam "Togo"]
[BlackTeam "Pakistan"]
[WhiteTeamCountry "TOG"]
[BlackTeamCountry "PAK"]

1. e4 e5 2. Nf3 Nc6 3. Bb5 Nf6 4. O-O Nxe4 5. Re1 Nd6 6. Nxe5 Be7 7. Bd3 Nxe5 8. Rxe5 O-O 9. Nc3 c6 10. b3 Ne8 11. Qf3 d5 12. Bb2 Nf6 ({RR} 12... Bf6 13. Re2 Nc7 14. Ba3 Re8 15. Rae1 Be6 16. Nd1 d4 17. Nb2 Qd5 18. Be4 Qa5 19. Nc4 Bxc4 20. bxc4 Rad8 21. g3 Re6 22. Bf5 Rxe2 23. Rxe2 Ne6 24. Qd3 Nf8 25. h4 Ng6 26. f4 h5 27. Kg2 {Andreikin,D (2715)-Jakovenko,D (2722) Moscow 2012 1-0 (46)}) ({RR} 12... Bd6 13. Rh5 Nf6 14. Rh4 Re8 15. Ne2 Be5 16. Bxe5 Rxe5 17. Ng3 Qe7 18. Rf4 Bd7 19. h3 Re8 20. Ra4 a6 21. Bf5 Rxf5 22. Nxf5 Qe5 23. Nh6+ gxh6 24. Rd1 Ne4 25. Qe3 c5 26. Ra3 Qd6 27. b4 {Pap,M (2382)-Gagunashvili,M (2556) Paracin SRB 2024 0-1 (34)}) 13. h3 Bd6 14. Ree1 Bc7 $146 ({RR} 14... a5 15. Ne2 a4 16. Ng3 a3 17. Be5 Bxe5 18. Rxe5 Qd6 19. Rae1 g6 20. c3 Bd7 21. Bc2 c5 22. Qf4 Rae8 23. Qe3 d4 24. Qe2 Bc6 25. c4 Rd8 26. Qd3 Rb8 27. h4 Rfe8 28. Rxe8+ Rxe8 29. Rxe8+ {Saathoff,R (2106)-Puehn,G (1856) Postbauer 2009 ½-½ (41)}) ({RR} 14... Be6 15. Ne2 Ne4 16. Bxe4 dxe4 17. Qxe4 Qg5 18. Qe3 Qg6 19. c4 Rae8 20. Qf3 h5 21. Ng3 h4 22. Ne4 Bc7 23. Ba3 Bf5 24. d3 Bxe4 25. dxe4 Bd6 26. Bxd6 Qxd6 27. Rad1 Qe5 28. Qe3 f5 29. exf5 {Visser,H (2234)-Van Dorp,F (2223) Hilversum 2012 1-0 (39)}) ({RR} 14... Be6 15. Ne2 c5 16. Nf4 Bxf4 17. Qxf4 d4 18. Qf3 Qd5 19. Qxd5 Nxd5 20. c3 dxc3 21. dxc3 Rad8 22. Rad1 b6 23. c4 Nb4 24. Be4 f5 25. Bb1 Kf7 26. f4 g6 27. Kf2 Rfe8 28. Kf3 Bc8 29. g4 {Stross,F (2298)-Mandl,R (2199) Bayern 2009 ½-½ (35)}) 15. Ne2 Ne4 16. Bxe4 dxe4 17. Qc3 Qg5 18. Ng3 f5 19. Qc4+ Rf7 20. d3 Bxg3 21. fxg3 Qxg3 22. dxe4 f4 23. Rf1 Bxh3 24. Qe2 Qg6 25. Kh1 f3 26. gxf3 Bxf1 27. Rxf1 Raf8 28. Qg2 Qh5+ 29. Kg1 g6 30. Qe2 b5 31. Kg2 Qg5+ 32. Kh2 Rf4 33. Qg2 Qh5+ 34. Kg1 Rxf3 0-1

[Event "45th Olympiad Budapest 2024"]
[Site "Budapest"]
[Date "2024.09.20"]
[Round "9.2"]
[White "Amer, Karim"]
[Black "Egbe, Kossi Thierry"]
[Result "1-0"]
[WhiteElo "2081"]
[BlackElo "1847"]
[PlyCount "53"]
[EventDate "2024.09.11"]
[EventType "team"]
[EventRounds "11"]
[EventCountry "HUN"]
[WhiteTeam "Pakistan"]
[BlackTeam "Togo"]
[WhiteTeamCountry "PAK"]
[BlackTeamCountry "TOG"]

1. d4 Nf6 2. c4 e6 3. Nf3 d5 4. Nc3 b6 5. cxd5 Nxd5 6. e4 Nxc3 7. bxc3 Bb7 8. Bd3 ({RR} 8. Bb5+ c6 9. Bd3 Be7 10. O-O O-O 11. c4 Nd7 12. Bf4 Re8 13. e5 Nf8 14. Be4 Qc7 15. Qe2 Rad8 16. Rfd1 Rd7 17. Rd3 Red8 18. Rad1 Qc8 19. Qc2 Qa8 20. Qb3 Qb8 21. a4 Re8 22. Bg3 Qa8 {Gasanov,E (2502)-Babiy,O (2341) Budapest 2015 0-1 (79)}) 8... Bd6 $146 ({RR} 8... Be7 9. O-O O-O 10. Re1 Nd7 11. e5 c5 12. h4 Bxf3 13. Qxf3 Bxh4 14. Qg4 Be7 15. Bh6 g6 16. Bxf8 Nxf8 17. Re3 cxd4 18. cxd4 Rc8 19. Rf3 Qe8 20. Qf4 Rd8 21. Bb5 Nd7 22. Kh2 Kg7 23. Rc1 {Moore,H (2270)-Hubbell,W East Lansing 1991 0-1 (40)}) ({RR} 8... c5 9. O-O Be7 10. Bb5+ Nd7 11. Ne5 Bc8 12. Nc6 Qc7 13. Nxe7 Kxe7 14. Qg4 Kf8 15. Bf4 Qb7 16. Bd6+ Kg8 17. e5 h5 18. Qh4 cxd4 19. Bd3 f5 20. cxd4 Rh6 21. Rac1 Rg6 22. f3 b5 23. Rc7 {Jablonski,M (1826)-Rosa,A (1578) Polanica Zdroj 2021 1-0 (43)}) ({RR} 8... Nd7 9. O-O Nf6 10. Re1 Be7 11. h3 h6 12. Qa4+ Qd7 13. Bb5 c6 14. Bd3 b5 15. Qd1 a6 16. Bf4 Qc8 17. Rc1 c5 18. Nh2 c4 19. Bb1 Qc6 20. Ng4 Nxg4 21. Qxg4 g5 22. Bh2 h5 23. Qe2 {Barsciauskas,G-Golovin,A Klaipeda 2002 0-1 (60)}) ({RR} 8... Be7 9. O-O O-O 10. Be3 Nd7 11. c4 e5 12. d5 Re8 13. Qe2 Bc5 14. Bd2 c6 15. Rfe1 h6 16. Bc3 Qe7 17. Qd2 Rad8 18. Rad1 f5 19. exf5 cxd5 20. Bxe5 Bb4 21. Bc3 Bxc3 22. Qxc3 Qc5 23. Re6 {Olejarczyk,B (2117)-Liberadzki,S (2088) Milanowek 2012 ½-½}) 9. O-O O-O 10. Re1 Nd7 11. e5 Be7 12. Bc2 Re8 13. Qd3 Nf8 14. h4 Bxh4 15. Nxh4 Qxh4 16. Re3 Qe7 17. Rh3 g6 18. Qg3 Nd7 19. Bg5 f6 20. exf6 Nxf6 21. Qh4 Rf8 22. Bxg6 hxg6 23. Qh8+ Kf7 24. Rh7+ Ke8 25. Rxe7+ Kxe7 26. Qg7+ Rf7 27. Bxf6+ 1-0